[Event "HON-ch qual1"]
[Site "San Pedro Sula"]
[Date "2019.11.21"]
[Round "7"]
[White "Chinchilla, Diego"]
[Black "Interiano Montoya, Roberto"]
[Result "0-1"]
[WhiteElo "1437"]
[BlackElo "1658"]
[PlyCount "45"]
[EventDate "2019.11.18"]
[EventType "swiss"]
[EventRounds "7"]
[EventCountry "HON"]
[SourceTitle "EXT 2021"]
[Source "ChessBase"]
[SourceDate "2020.10.23"]
[SourceVersion "1"]
[SourceVersionDate "2020.10.23"]
[SourceQuality "1"]

1. Nf3 c5 2. g3 d5 3. Bg2 Nc6 4. 0-0 Nf6 5. d4 e6 6. Nc3 Be7 7. Re1 0-0 8. e4 dxe4 9. Nxe4 Nxd4 10. Nxd4 cxd4 11. b3 Qb6 12. Bb2 Rd8 13. Qd3 Nxe4 14. Rxe4 Bf6 15. Rd1 e5 16. f4 Bf5 17. fxe5 Bxe5 18. Qf3 Bxe4 19. Qxe4 Bf6 20. Kh1 Rac8 21. Qxb7 Qxb7 22. Bxb7 Rxc2 23. Rb1 0-1

[Event "HON-ch qual1"]
[Site "San Pedro Sula"]
[Date "2019.11.19"]
[Round "4"]
[White "Interiano Montoya, Roberto"]
[Black "Menocal, Nicole"]
[Result "1-0"]
[WhiteElo "1658"]
[BlackElo "1410"]
[PlyCount "77"]
[EventDate "2019.11.18"]
[EventType "swiss"]
[EventRounds "7"]
[EventCountry "HON"]
[SourceTitle "EXT 2021"]
[Source "ChessBase"]
[SourceDate "2020.10.23"]
[SourceVersion "1"]
[SourceVersionDate "2020.10.23"]
[SourceQuality "1"]

1. b4 e5 2. Bb2 Bxb4 3. Bxe5 Nf6 4. c4 Nc6 5. Bb2 d6 6. Nf3 Be6 7. e3 0-0 8. Be2 d5 9. cxd5 Nxd5 10. 0-0 Nb6 11. Qc2 Ne7 12. d4 c6 13. e4 Rc8 14. a3 Bd6 15. Ng5 Ng6 16. Nxe6 fxe6 17. g3 Qg5 18. Bc1 Nf4 19. Kh1 Qh6 20. e5 Qh3 21. Bxf4 Be7 22. Qd1 Qf5 23. Nc3 g5 24. Bg4 Qg6 25. Be3 Kg7 26. f4 h6 27. Qb1 Qxb1 28. Raxb1 Rce8 29. fxg5 Rxf1+ 30. Rxf1 Bxg5 31. Bxg5 hxg5 32. Rf6 Nc4 33. a4 Ne3 34. Bxe6 Re7 35. Bb3 a6 36. Rf3 Ng4 37. h3 Nh6 38. Ne4 Kg6 39. Rf6+ 1-0